000 00600nam a2200229Ia 4500
003 OSt
005 20221007101822.0
006 a|||||r|||| 00| 0
007 ta
008 221006b |||||||| |||| 00| 0 eng d
024 _a8,175
037 _cTextual
040 _aLCO
_cLCO
_beng
041 _2eng
_aeng
082 _aZ2,2674qN57, L4
245 0 _aINDIA, LAW (Ministry of ---), The Copyright Act, 1957 (Diglot)
260 _aDelhi
_bGovt. of India
_c1974
300 _a58
650 _aINDIA LAW
942 _hZ2,2674qN57, L4
_cTEXL
999 _c1177738
_d1177738